[Event "DEM U8 2024"]
[Site "Willingen GER"]
[Date "2024.05.24"]
[Round "5"]
[White "Wang, Kaichen"]
[Black "Hobbie, Benjamin"]
[Result "1/2-1/2"]
[Termination "normal"]
[Board "18"]
[WhiteElo "1599"]
[BlackElo "945"]
[WhiteClock "00:44:49"]
[BlackClock "00:51:46"]
[PlyCount "142"]
[WhiteFideId "34626891"]
[BlackFideId "34676589"]
[EventCountry "GER"]
[EventRounds "7"]
[EventType "swiss"]
[EventDate "2024.05.21"]

1. d4 {[%clk 01:00:29]} {[%emt 00:00:01]} d5 {[%clk 01:00:11]} {[%emt
00:00:19]} 2. c4 {[%clk 01:00:38]} {[%emt 00:00:06]} c6 {[%clk 01:00:05]}
{[%emt 00:00:21]} 3. Nc3 {[%clk 01:00:46]} {[%emt 00:00:08]} Bf5 {[%clk
00:59:54]} {[%emt 00:00:25]} 4. cxd5 {[%clk 01:00:44]} {[%emt 00:00:17]} cxd5
{[%clk 00:59:57]} {[%emt 00:00:11]} 5. Bf4 {[%clk 01:00:35]} {[%emt 00:00:25]}
a6 {[%clk 00:59:27]} {[%emt 00:00:45]} 6. e3 {[%clk 01:00:33]} {[%emt
00:00:17]} Nf6 {[%clk 00:59:11]} {[%emt 00:00:31]} 7. Bd3 {[%clk 01:00:07]}
{[%emt 00:00:42]} Bxd3 {[%clk 00:59:07]} {[%emt 00:00:17]} 8. Qxd3 {[%clk
01:00:14]} {[%emt 00:00:09]} Nc6 {[%clk 00:59:07]} {[%emt 00:00:15]} 9. a3
{[%clk 01:00:11]} {[%emt 00:00:19]} e6 {[%clk 00:59:00]} {[%emt 00:00:21]} 10.
Nge2 {[%clk 00:59:52]} {[%emt 00:00:34]} Bd6 {[%clk 00:58:50]} {[%emt
00:00:26]} 11. O-O {[%clk 00:59:42]} {[%emt 00:00:25]} O-O {[%clk 00:58:42]}
{[%emt 00:00:22]} 12. h3 {[%clk 00:59:47]} {[%emt 00:00:10]} e5 {[%clk
00:58:45]} {[%emt 00:00:12]} 13. dxe5 {[%clk 00:58:59]} {[%emt 00:01:04]} Bxe5
{[%clk 00:58:21]} {[%emt 00:00:28]} 14. Rfd1 {[%clk 00:58:42]} {[%emt
00:00:43]} Bxc3 {[%emt 00:00:23]} 15. Nxc3 {[%emt 00:00:27]} Ne7 {[%clk
00:57:20]} {[%emt 00:00:24]} 16. Bg5 {[%clk 00:58:09]} {[%emt 00:00:49]} Qd6
{[%clk 00:57:03]} {[%emt 00:00:28]} 17. Bxf6 {[%clk 00:57:51]} {[%emt
00:00:37]} Qxf6 {[%clk 00:57:12]} {[%emt 00:00:06]} 18. Nxd5 {[%clk 00:57:04]}
{[%emt 00:01:02]} Nxd5 {[%clk 00:56:49]} {[%emt 00:00:37]} 19. Qxd5 {[%clk
00:56:53]} {[%emt 00:00:26]} Rab8 {[%clk 00:56:45]} {[%emt 00:00:17]} 20. b4
{[%clk 00:56:08]} {[%emt 00:01:02]} Rfd8 {[%clk 00:56:44]} {[%emt 00:00:15]}
21. Qb3 {[%clk 00:55:47]} {[%emt 00:00:37]} b5 {[%clk 00:56:30]} {[%emt
00:00:30]} 22. Rac1 {[%clk 00:54:57]} {[%emt 00:01:05]} Rd6 {[%clk 00:54:48]}
{[%emt 00:01:58]} 23. Rxd6 {[%clk 00:51:18]} {[%emt 00:03:53]} Qxd6 {[%clk
00:54:40]} {[%emt 00:00:12]} 24. Qc3 {[%clk 00:51:23]} {[%emt 00:00:21]} g6
{[%clk 00:54:37]} {[%emt 00:00:19]} 25. Qc2 {[%clk 00:50:53]} {[%emt 00:00:46]}
Rd8 {[%clk 00:53:01]} {[%emt 00:01:49]} 26. Ra1 {[%clk 00:48:35]} {[%emt
00:02:34]} Qf6 {[%clk 00:52:52]} {[%emt 00:00:23]} 27. Rd1 {[%clk 00:48:23]}
{[%emt 00:00:27]} Rxd1+ {[%clk 00:52:53]} {[%emt 00:00:16]} 28. Qxd1 {[%clk
00:48:23]} {[%emt 00:00:14]} Qc3 {[%clk 00:52:54]} {[%emt 00:00:15]} 29. Qd8+
{[%clk 00:47:36]} {[%emt 00:01:16]} Kg7 {[%clk 00:53:09]} {[%emt 00:00:15]} 30.
Qd4+ {[%clk 00:47:43]} {[%emt 00:00:08]} Qxd4 {[%clk 00:53:16]} {[%emt
00:00:08]} 31. exd4 {[%clk 00:47:52]} {[%emt 00:00:08]} Kf6 {[%clk 00:53:15]}
{[%emt 00:00:15]} 32. Kf1 {[%clk 00:47:28]} {[%emt 00:00:39]} Kf5 {[%clk
00:53:14]} {[%emt 00:00:17]} 33. f3 {[%clk 00:47:30]} {[%emt 00:00:13]} Kf4
{[%clk 00:53:20]} {[%emt 00:00:07]} 34. g3+ {[%clk 00:47:07]} {[%emt 00:00:40]}
Kf5 {[%clk 00:53:18]} {[%emt 00:00:17]} 35. Ke2 {[%clk 00:47:09]} {[%emt
00:00:13]} Ke6 {[%clk 00:53:24]} 36. Ke3 {[%clk 00:47:14]} {[%emt 00:00:12]}
Kd5 {[%emt 00:00:22]} 37. f4 {[%clk 00:46:24]} {[%emt 00:01:02]} f6 {[%clk
00:52:54]} {[%emt 00:00:47]} 38. g4 {[%clk 00:45:37]} {[%emt 00:01:02]} g5
{[%clk 00:52:33]} {[%emt 00:00:36]} 39. f5 {[%clk 00:45:25]} {[%emt 00:00:27]}
Kd6 {[%clk 00:51:49]} {[%emt 00:00:59]} 40. Ke4 {[%clk 00:44:48]} {[%emt
00:00:53]} Ke7 {[%clk 00:51:50]} {[%emt 00:00:12]} 41. d5 {[%clk 00:44:52]}
{[%emt 00:00:12]} Kd7 {[%clk 00:51:31]} {[%emt 00:00:35]} 42. Kd4 {[%clk
00:43:37]} {[%emt 00:01:31]} Kd6 {[%clk 00:51:29]} {[%emt 00:00:17]} 43. Ke4
{[%clk 00:43:44]} {[%emt 00:00:06]} Kd7 {[%clk 00:51:15]} {[%emt 00:00:30]} 44.
Ke3 {[%clk 00:43:53]} {[%emt 00:00:06]} Kd6 {[%clk 00:51:17]} {[%emt 00:00:14]}
45. Kd4 {[%clk 00:43:48]} {[%emt 00:00:20]} h6 {[%clk 00:51:13]} {[%emt
00:00:17]} 46. Ke4 {[%clk 00:43:55]} {[%emt 00:00:08]} Ke7 {[%clk 00:50:54]}
{[%emt 00:00:35]} 47. Kd3 {[%clk 00:43:58]} {[%emt 00:00:10]} Kd7 {[%clk
00:50:58]} {[%emt 00:00:13]} 48. Kc3 {[%clk 00:43:52]} {[%emt 00:00:21]} Kc7
{[%clk 00:50:40]} {[%emt 00:00:28]} 49. Kd3 {[%clk 00:43:51]} {[%emt 00:00:20]}
Kd7 {[%clk 00:50:46]} {[%emt 00:00:11]} 50. Ke4 {[%clk 00:43:53]} {[%emt
00:00:12]} Ke7 {[%emt 00:00:12]} 51. Ke3 {[%clk 00:43:32]} {[%emt 00:00:33]}
Kd7 {[%clk 00:51:00]} {[%emt 00:00:08]} 52. Kd4 {[%clk 00:43:31]} {[%emt
00:00:16]} Kd6 {[%clk 00:51:00]} {[%emt 00:00:15]} 53. Ke4 {[%emt 00:00:15]}
Kd7 {[%clk 00:50:54]} {[%emt 00:00:17]} 54. Kf3 {[%clk 00:43:35]} {[%emt
00:00:11]} Ke7 {[%clk 00:50:54]} {[%emt 00:00:18]} 55. Ke3 {[%clk 00:43:38]}
{[%emt 00:00:12]} Kd7 {[%clk 00:51:02]} {[%emt 00:00:08]} 56. Ke4 {[%clk
00:43:44]} {[%emt 00:00:09]} Ke7 {[%emt 00:00:39]} 57. Kd4 Kd6 {[%clk
00:51:21]} 58. Ke4 {[%clk 00:44:12]} Ke7 {[%clk 00:51:21]} 59. Kd3 {[%clk
00:44:12]} {[%emt 00:00:04]} Kd7 {[%clk 00:51:26]} {[%emt 00:00:09]} 60. Kc3
{[%clk 00:44:20]} {[%emt 00:00:05]} Kc7 {[%clk 00:51:34]} {[%emt 00:00:09]} 61.
d6+ {[%clk 00:44:10]} {[%emt 00:03:03]} Kxd6 {[%clk 00:51:39]} {[%emt
00:00:09]} 62. Kd4 {[%clk 00:44:21]} {[%emt 00:00:05]} Kc6 {[%clk 00:51:39]}
{[%emt 00:00:14]} 63. Ke4 {[%clk 00:44:27]} {[%emt 00:00:09]} Kd6 {[%clk
00:51:30]} {[%emt 00:00:24]} 64. Kd4 {[%clk 00:44:30]} {[%emt 00:00:13]} Kc6
{[%clk 00:51:18]} {[%emt 00:00:27]} 65. Ke3 {[%clk 00:43:54]} {[%emt 00:00:49]}
Kd5 {[%clk 00:51:25]} {[%emt 00:00:09]} 66. Kd3 {[%clk 00:44:38]} {[%emt
00:01:16]} Ke5 {[%emt 00:00:13]} 67. Ke3 {[%clk 00:44:49]} {[%emt 00:00:02]}
Kd5 {[%clk 00:51:46]} {[%emt 00:00:15]} 68. Kd3 {[%emt 00:00:18]} Kd6 {[%emt
00:00:10]} 69. Ke3 Kd5 70. Kd3 Ke5 71. Ke3 Kd5 1/2-1/2

[Event "DEM U8 2024"]
[Site "Willingen GER"]
[Date "2024.05.24"]
[Round "5"]
[White "Mukazhanov, Arslan"]
[Black "Jiang, Luca"]
[Result "0-1"]
[Termination "normal"]
[Board "19"]
[WhiteElo "1567"]
[BlackElo "1098"]
[WhiteClock "00:06:30"]
[BlackClock "00:32:19"]
[PlyCount "162"]
[WhiteFideId "34647686"]
[EventCountry "GER"]
[EventRounds "7"]
[EventType "swiss"]
[EventDate "2024.05.21"]

1. e4 {[%clk 01:00:29]} {[%emt 00:00:01]} e5 {[%clk 01:00:23]} {[%emt
00:00:06]} 2. Nf3 {[%clk 01:00:39]} {[%emt 00:00:06]} Nc6 {[%clk 01:00:27]}
{[%emt 00:00:11]} 3. Nc3 {[%clk 01:00:39]} {[%emt 00:00:16]} Bc5 {[%clk
01:00:29]} {[%emt 00:00:14]} 4. Nxe5 {[%clk 01:00:47]} {[%emt 00:00:06]} Nxe5
{[%clk 01:00:38]} {[%emt 00:00:07]} 5. d4 {[%clk 01:00:52]} {[%emt 00:00:09]}
Bb4 {[%clk 01:00:30]} {[%emt 00:00:22]} 6. dxe5 {[%clk 01:00:54]} {[%emt
00:00:14]} Qe7 {[%clk 01:00:23]} {[%emt 00:00:22]} 7. f4 {[%clk 00:59:18]}
{[%emt 00:01:51]} d6 {[%clk 01:00:05]} {[%emt 00:00:33]} 8. Bd2 {[%clk
00:57:46]} {[%emt 00:01:47]} Bxc3 {[%clk 01:00:05]} {[%emt 00:00:15]} 9. Bxc3
{[%emt 00:00:12]} dxe5 {[%emt 00:00:45]} 10. fxe5 {[%clk 00:56:51]} {[%emt
00:00:13]} Qh4+ {[%clk 00:59:45]} {[%emt 00:00:32]} 11. Kd2 {[%clk 00:55:55]}
{[%emt 00:01:14]} Qxe4 {[%clk 00:59:29]} {[%emt 00:00:31]} 12. e6 {[%clk
00:55:51]} {[%emt 00:00:21]} Bxe6 {[%clk 00:59:01]} {[%emt 00:00:43]} 13. Bxg7
{[%clk 00:55:24]} {[%emt 00:00:41]} O-O-O+ {[%clk 00:58:51]} {[%emt 00:00:24]}
14. Bd3 {[%clk 00:55:25]} {[%emt 00:00:15]} Qxg2+ {[%clk 00:58:47]} {[%emt
00:00:18]} 15. Kc1 {[%clk 00:54:24]} {[%emt 00:01:16]} Qxg7 {[%clk 00:58:14]}
{[%emt 00:00:47]} 16. Rg1 {[%clk 00:54:13]} {[%emt 00:00:27]} Qh6+ {[%clk
00:57:57]} {[%emt 00:00:30]} 17. Kb1 {[%clk 00:54:02]} {[%emt 00:00:27]} Qxh2
{[%clk 00:57:07]} {[%emt 00:01:05]} 18. a4 {[%clk 00:53:28]} {[%emt 00:00:50]}
Ne7 {[%clk 00:57:02]} {[%emt 00:00:18]} 19. a5 {[%clk 00:53:21]} {[%emt
00:00:24]} a6 {[%clk 00:56:39]} {[%emt 00:00:36]} 20. Ra3 {[%clk 00:53:16]}
{[%emt 00:00:22]} Qd6 {[%clk 00:56:28]} {[%emt 00:00:22]} 21. Qf3 {[%clk
00:52:43]} {[%emt 00:00:52]} Nc6 {[%clk 00:56:01]} {[%emt 00:00:40]} 22. Be4
{[%clk 00:45:17]} {[%emt 00:07:42]} Bd5 {[%clk 00:54:15]} {[%emt 00:02:01]} 23.
Rd3 {[%clk 00:44:17]} {[%emt 00:01:15]} Bxe4 {[%clk 00:53:48]} {[%emt
00:00:42]} 24. Qxe4 {[%clk 00:43:52]} {[%emt 00:00:39]} Qc5 {[%clk 00:53:15]}
{[%emt 00:00:48]} 25. Rxd8+ {[%clk 00:41:59]} {[%emt 00:02:09]} Rxd8 {[%clk
00:53:18]} {[%emt 00:00:13]} 26. Rc1 {[%clk 00:41:34]} {[%emt 00:00:39]} Qxa5
{[%clk 00:52:03]} {[%emt 00:01:30]} 27. c3 {[%clk 00:41:09]} {[%emt 00:00:40]}
Qd5 {[%clk 00:51:53]} {[%emt 00:00:24]} 28. Qg4+ {[%clk 00:41:00]} {[%emt
00:00:24]} Qd7 {[%clk 00:51:22]} {[%emt 00:00:46]} 29. Qh5 {[%clk 00:39:34]}
{[%emt 00:01:41]} Qd3+ {[%clk 00:50:48]} {[%emt 00:00:45]} 30. Ka1 {[%clk
00:39:13]} {[%emt 00:00:42]} Qg6 {[%emt 00:00:26]} 31. Qh3+ {[%emt 00:00:29]}
f5 {[%clk 00:49:27]} {[%emt 00:00:39]} 32. Rf1 {[%clk 00:38:25]} {[%emt
00:00:28]} Rf8 {[%clk 00:48:45]} {[%emt 00:01:31]} 33. c4 {[%clk 00:37:44]}
{[%emt 00:00:57]} Nd4 {[%clk 00:48:26]} {[%emt 00:00:31]} 34. Qc3 {[%clk
00:37:11]} {[%emt 00:00:53]} Nc6 {[%clk 00:48:02]} {[%emt 00:00:32]} 35. Qa3
{[%clk 00:36:53]} {[%emt 00:00:40]} Re8 {[%clk 00:47:28]} {[%emt 00:00:48]} 36.
Qh3 {[%clk 00:36:52]} {[%emt 00:00:15]} Re5 {[%clk 00:47:20]} {[%emt 00:00:20]}
37. Kb1 {[%clk 00:35:46]} {[%emt 00:01:24]} Kd7 {[%clk 00:45:26]} {[%emt
00:02:07]} 38. Rd1+ {[%clk 00:35:46]} {[%emt 00:00:18]} Ke8 {[%clk 00:44:56]}
{[%emt 00:00:39]} 39. Kc1 {[%clk 00:33:57]} {[%emt 00:02:08]} Re6 {[%clk
00:44:16]} {[%emt 00:00:46]} 40. Qd3 {[%clk 00:32:44]} {[%emt 00:01:39]} Qg5+
{[%clk 00:43:57]} {[%emt 00:00:33]} 41. Kb1 {[%clk 00:32:33]} {[%emt 00:00:26]}
Rd6 {[%clk 00:43:02]} {[%emt 00:01:11]} 42. Qe2+ {[%clk 00:32:34]} {[%emt
00:00:14]} Kd7 {[%clk 00:42:51]} {[%emt 00:00:27]} 43. Re1 {[%clk 00:32:31]}
{[%emt 00:00:19]} Qg6 {[%clk 00:42:09]} {[%emt 00:00:54]} 44. Kc1 {[%clk
00:29:00]} {[%emt 00:03:48]} Qg5+ {[%clk 00:41:58]} {[%emt 00:00:26]} 45. Kb1
{[%clk 00:28:34]} {[%emt 00:00:42]} Qe7 {[%clk 00:41:47]} {[%emt 00:00:24]} 46.
Qf2 {[%clk 00:28:32]} {[%emt 00:00:19]} Qf7 {[%clk 00:40:37]} {[%emt 00:01:22]}
47. c5 {[%clk 00:27:09]} {[%emt 00:01:38]} Rd5 {[%clk 00:40:07]} {[%emt
00:00:46]} 48. Qg1 {[%clk 00:26:21]} {[%emt 00:01:03]} Rd2 {[%clk 00:39:50]}
{[%emt 00:00:31]} 49. Qg5 {[%clk 00:25:47]} {[%emt 00:00:51]} Rh2 {[%clk
00:38:36]} {[%emt 00:01:20]} 50. Rd1+ {[%clk 00:25:50]} {[%emt 00:00:22]} Kc8
{[%clk 00:38:19]} {[%emt 00:00:25]} 51. Qf4 {[%clk 00:25:35]} {[%emt 00:00:36]}
Re2 {[%clk 00:37:44]} {[%emt 00:00:50]} 52. Qg5 {[%clk 00:24:49]} {[%emt
00:01:01]} Qb3 {[%clk 00:37:12]} {[%emt 00:00:42]} 53. Qxf5+ {[%clk 00:23:25]}
{[%emt 00:01:39]} Qe6 {[%clk 00:36:53]} {[%emt 00:00:38]} 54. Qf8+ {[%clk
00:23:03]} {[%emt 00:00:40]} Qe8 {[%clk 00:36:53]} {[%emt 00:00:14]} 55. Qf5+
{[%clk 00:23:09]} {[%emt 00:00:09]} Re6 {[%clk 00:36:50]} {[%emt 00:00:16]} 56.
Re1 {[%clk 00:23:01]} {[%emt 00:00:22]} Qg6 {[%clk 00:36:28]} {[%emt 00:00:38]}
57. Rf1 {[%clk 00:21:52]} {[%emt 00:01:24]} Qxf5+ {[%clk 00:35:54]} {[%emt
00:00:50]} 58. Rxf5 {[%clk 00:20:55]} {[%emt 00:00:56]} Re1+ {[%clk 00:34:14]}
{[%emt 00:02:11]} 59. Kc2 {[%clk 00:20:42]} {[%emt 00:00:28]} Nd4+ {[%clk
00:34:02]} {[%emt 00:00:27]} 60. Kd2 {[%clk 00:20:35]} {[%emt 00:00:23]} Nxf5
{[%clk 00:33:51]} {[%emt 00:00:25]} 61. Kxe1 {[%clk 00:20:48]} {[%emt
00:00:01]} Kd7 {[%clk 00:33:30]} {[%emt 00:00:36]} 62. Ke2 {[%clk 00:19:00]}
{[%emt 00:02:04]} Kc6 {[%clk 00:33:24]} {[%emt 00:00:20]} 63. b4 {[%clk
00:19:11]} {[%emt 00:00:04]} Kb5 {[%clk 00:33:29]} {[%emt 00:00:10]} 64. c6
{[%clk 00:16:50]} {[%emt 00:02:37]} Kxc6 {[%clk 00:33:24]} {[%emt 00:00:20]}
65. Kf3 {[%clk 00:10:30]} {[%emt 00:06:35]} h5 {[%clk 00:33:15]} {[%emt
00:00:21]} 66. Kf4 {[%clk 00:10:32]} {[%emt 00:00:15]} h4 {[%clk 00:33:14]}
{[%emt 00:00:17]} 67. Kg4 {[%clk 00:10:46]} {[%emt 00:00:02]} Kb5 {[%clk
00:33:18]} {[%emt 00:00:11]} 68. Kh3 {[%clk 00:10:49]} {[%emt 00:00:12]} Kxb4
{[%clk 00:33:06]} {[%emt 00:00:26]} 69. Kg4 {[%clk 00:10:42]} {[%emt 00:00:23]}
Kc5 {[%clk 00:33:06]} {[%emt 00:00:15]} 70. Kh3 {[%clk 00:10:44]} {[%emt
00:00:13]} Kd4 {[%clk 00:33:13]} {[%emt 00:00:08]} 71. Kg4 {[%clk 00:10:48]}
{[%emt 00:00:12]} c5 {[%clk 00:33:21]} {[%emt 00:00:06]} 72. Kf3 {[%clk
00:10:41]} {[%emt 00:00:21]} b5 {[%clk 00:33:27]} {[%emt 00:00:10]} 73. Kg4
{[%clk 00:10:46]} {[%emt 00:00:11]} a5 {[%clk 00:33:33]} {[%emt 00:00:08]} 74.
Kh3 {[%clk 00:09:33]} {[%emt 00:01:02]} b4 {[%clk 00:33:35]} {[%emt 00:00:38]}
75. Kg4 {[%clk 00:09:36]} {[%emt 00:00:11]} b3 {[%clk 00:33:44]} {[%emt
00:00:07]} 76. Kh3 {[%clk 00:09:20]} {[%emt 00:00:31]} b2 {[%clk 00:33:32]}
{[%emt 00:00:27]} 77. Kg4 {[%clk 00:08:50]} {[%emt 00:00:45]} b1=Q {[%emt
00:00:09]} 78. Kh3 {[%clk 00:08:31]} {[%emt 00:00:33]} Qe4 {[%clk 00:32:33]}
{[%emt 00:01:16]} 79. Kh2 {[%clk 00:08:21]} {[%emt 00:00:29]} Qf3 {[%clk
00:32:20]} {[%emt 00:00:13]} 80. Kg1 {[%clk 00:08:17]} {[%emt 00:00:35]} h3
{[%clk 00:32:23]} {[%emt 00:00:11]} 81. Kh2 {[%clk 00:06:30]} {[%emt 00:01:59]}
Qg2# {[%clk 00:32:19]} {[%emt 00:00:22]} 0-1

[Event "DEM U8 2024"]
[Site "Willingen GER"]
[Date "2024.05.24"]
[Round "5"]
[White "Guan, Guoyou"]
[Black "Hadelich, Taron"]
[Result "1/2-1/2"]
[Termination "normal"]
[Board "20"]
[WhiteElo "1136"]
[BlackElo "785"]
[WhiteClock "00:51:36"]
[BlackClock "00:34:34"]
[PlyCount "50"]
[WhiteFideId "34649492"]
[EventCountry "GER"]
[EventRounds "7"]
[EventType "swiss"]
[EventDate "2024.05.21"]

1. e4 {[%clk 01:00:27]} {[%emt 00:00:03]} e6 {[%clk 01:00:15]} {[%emt
00:00:15]} 2. d4 {[%clk 01:00:28]} {[%emt 00:00:14]} Nf6 {[%clk 01:00:01]}
{[%emt 00:00:28]} 3. e5 {[%clk 01:00:16]} {[%emt 00:00:29]} Nd5 {[%clk
00:59:28]} {[%emt 00:00:48]} 4. Nf3 {[%clk 01:00:04]} {[%emt 00:00:26]} d6
{[%clk 00:59:00]} {[%emt 00:00:43]} 5. Bc4 {[%clk 00:59:31]} {[%emt 00:00:49]}
dxe5 {[%clk 00:57:29]} {[%emt 00:01:45]} 6. Nxe5 {[%clk 00:59:21]} {[%emt
00:00:23]} Bd6 {[%clk 00:56:11]} {[%emt 00:01:35]} 7. O-O {[%clk 00:59:10]}
{[%emt 00:00:27]} O-O {[%clk 00:56:10]} {[%emt 00:00:17]} 8. Be3 {[%clk
00:58:37]} {[%emt 00:00:47]} Bxe5 {[%clk 00:53:01]} {[%emt 00:03:24]} 9. dxe5
{[%clk 00:58:31]} {[%emt 00:00:22]} Nc6 {[%clk 00:51:42]} {[%emt 00:01:34]} 10.
Bxd5 {[%clk 00:57:49]} {[%emt 00:00:56]} Qxd5 {[%clk 00:50:11]} {[%emt
00:01:46]} 11. f4 {[%clk 00:57:41]} {[%emt 00:00:23]} Ne7 {[%clk 00:48:52]}
{[%emt 00:01:34]} 12. Nc3 {[%clk 00:57:31]} {[%emt 00:00:27]} Qc6 {[%clk
00:48:27]} {[%emt 00:00:39]} 13. Kh1 {[%clk 00:57:02]} {[%emt 00:00:42]} b6
{[%clk 00:46:39]} {[%emt 00:02:05]} 14. Qf3 {[%clk 00:56:51]} {[%emt 00:00:26]}
Qxf3 {[%clk 00:46:21]} {[%emt 00:00:32]} 15. Rxf3 {[%clk 00:56:52]} {[%emt
00:00:13]} Bb7 {[%clk 00:45:47]} {[%emt 00:00:50]} 16. Rf2 {[%clk 00:56:43]}
{[%emt 00:00:22]} Rfd8 {[%clk 00:44:50]} {[%emt 00:01:15]} 17. Rd2 {[%clk
00:55:47]} {[%emt 00:01:11]} h6 {[%clk 00:44:44]} {[%emt 00:00:21]} 18. Rad1
{[%clk 00:55:53]} {[%emt 00:00:08]} Nc6 {[%clk 00:43:18]} {[%emt 00:01:42]} 19.
Nb5 {[%clk 00:55:09]} {[%emt 00:00:59]} a6 {[%clk 00:39:20]} {[%emt 00:04:12]}
20. Nc3 {[%clk 00:55:00]} {[%emt 00:00:24]} Kh7 {[%clk 00:38:08]} {[%emt
00:01:26]} 21. Rxd8 {[%clk 00:54:04]} {[%emt 00:01:10]} Rxd8 {[%emt 00:01:37]}
22. Rxd8 {[%clk 00:53:37]} {[%emt 00:00:08]} Nxd8 {[%clk 00:37:27]} {[%emt
00:00:09]} 23. Kg1 {[%clk 00:53:00]} {[%emt 00:00:18]} Kg6 {[%clk 00:36:27]}
{[%emt 00:01:49]} 24. g3 {[%emt 00:00:05]} f6 {[%emt 00:01:17]} 25. exf6 {[%clk
00:51:36]} {[%emt 00:00:18]} Kxf6 {[%clk 00:34:34]} {[%emt 00:02:08]} 1/2-1/2

[Event "DEM U8 2024"]
[Site "Willingen GER"]
[Date "2024.05.24"]
[Round "5"]
[White "Schmidt, Simon"]
[Black "Roscher, Simon"]
[Result "0-1"]
[Termination "normal"]
[Board "21"]
[WhiteElo "943"]
[BlackElo "1109"]
[WhiteClock "00:24:14"]
[BlackClock "00:47:14"]
[PlyCount "74"]
[BlackFideId "34673130"]
[EventCountry "GER"]
[EventRounds "7"]
[EventType "swiss"]
[EventDate "2024.05.21"]

1. e4 {[%clk 01:00:28]} c5 {[%clk 01:00:25]} {[%emt 00:00:06]} 2. c3 {[%clk
01:00:26]} {[%emt 00:00:16]} d5 {[%clk 01:00:35]} {[%emt 00:00:06]} 3. exd5
{[%clk 01:00:14]} {[%emt 00:00:27]} Qxd5 {[%clk 01:00:41]} {[%emt 00:00:08]} 4.
d4 {[%clk 00:59:40]} {[%emt 00:00:50]} Nc6 {[%clk 01:00:44]} {[%emt 00:00:12]}
5. Nf3 {[%clk 00:58:46]} {[%emt 00:01:09]} Nf6 {[%clk 01:00:46]} {[%emt
00:00:13]} 6. Be3 {[%clk 00:57:38]} {[%emt 00:01:23]} e6 {[%clk 01:00:47]}
{[%emt 00:00:13]} 7. Nbd2 {[%clk 00:56:08]} {[%emt 00:01:46]} cxd4 {[%clk
01:00:43]} {[%emt 00:00:20]} 8. Nxd4 {[%clk 00:55:03]} {[%emt 00:01:20]} Be7
{[%clk 01:00:30]} {[%emt 00:00:27]} 9. c4 {[%clk 00:53:39]} {[%emt 00:01:40]}
Qd8 {[%clk 01:00:06]} {[%emt 00:00:37]} 10. N2b3 {[%clk 00:53:01]} {[%emt
00:00:54]} O-O {[%clk 00:59:23]} {[%emt 00:00:56]} 11. Bd3 {[%clk 00:51:22]}
{[%emt 00:01:56]} Bb4+ {[%clk 00:57:03]} {[%emt 00:02:36]} 12. Bd2 {[%clk
00:50:21]} {[%emt 00:01:14]} Bxd2+ {[%clk 00:56:19]} {[%emt 00:00:48]} 13. Qxd2
{[%clk 00:48:37]} {[%emt 00:02:10]} Nxd4 {[%clk 00:55:30]} {[%emt 00:00:48]}
14. Nxd4 {[%clk 00:48:39]} {[%emt 00:00:30]} e5 {[%clk 00:55:16]} {[%emt
00:00:29]} 15. Nb3 {[%clk 00:48:11]} {[%emt 00:00:43]} e4 {[%clk 00:54:56]}
{[%emt 00:00:34]} 16. Bc2 {[%clk 00:48:04]} {[%emt 00:00:22]} Qxd2+ {[%clk
00:54:54]} {[%emt 00:00:18]} 17. Nxd2 {[%clk 00:47:23]} {[%emt 00:00:54]} Bf5
{[%clk 00:54:43]} {[%emt 00:00:27]} 18. O-O {[%clk 00:46:26]} {[%emt 00:01:13]}
e3 {[%clk 00:54:22]} {[%emt 00:00:37]} 19. Bxf5 {[%clk 00:45:45]} {[%emt
00:00:55]} exd2 {[%clk 00:54:19]} {[%emt 00:00:17]} 20. Rfd1 {[%clk 00:44:18]}
{[%emt 00:01:42]} Rad8 {[%clk 00:54:17]} {[%emt 00:00:17]} 21. Rab1 {[%emt
00:03:14]} g6 {[%clk 00:52:55]} {[%emt 00:00:01]} 22. Bc2 {[%clk 00:42:03]}
{[%emt 00:01:08]} Rfe8 {[%clk 00:49:01]} {[%emt 00:04:09]} 23. b4 {[%clk
00:39:11]} {[%emt 00:03:08]} Re6 {[%clk 00:48:47]} {[%emt 00:00:28]} 24. c5
{[%clk 00:37:54]} {[%emt 00:01:33]} Re5 {[%clk 00:48:21]} {[%emt 00:00:40]} 25.
Bb3 {[%clk 00:35:55]} {[%emt 00:02:13]} Re4 {[%clk 00:47:49]} {[%emt 00:00:48]}
26. a3 {[%clk 00:34:22]} {[%emt 00:01:48]} Red4 {[%clk 00:47:48]} {[%emt
00:00:16]} 27. Rb2 {[%clk 00:32:49]} {[%emt 00:01:48]} Ne4 {[%clk 00:47:48]}
{[%emt 00:00:16]} 28. a4 {[%clk 00:30:45]} {[%emt 00:02:18]} Nc3 {[%clk
00:47:48]} {[%emt 00:00:15]} 29. b5 {[%clk 00:28:40]} {[%emt 00:02:20]} Nxd1
{[%clk 00:47:26]} {[%emt 00:00:38]} 30. Bxd1 {[%clk 00:27:57]} {[%emt
00:00:57]} Rc4 {[%clk 00:47:32]} {[%emt 00:00:09]} 31. b6 {[%clk 00:25:58]}
{[%emt 00:02:14]} Rc1 {[%clk 00:47:26]} {[%emt 00:00:21]} 32. h3 {[%clk
00:25:37]} {[%emt 00:00:36]} Rxd1+ {[%clk 00:47:34]} {[%emt 00:00:06]} 33. Kh2
{[%clk 00:25:38]} {[%emt 00:00:14]} Rh1+ {[%clk 00:47:26]} {[%emt 00:00:23]}
34. Kxh1 {[%clk 00:24:53]} {[%emt 00:01:00]} d1=Q+ {[%clk 00:47:31]} {[%emt
00:00:09]} 35. Kh2 {[%clk 00:24:46]} {[%emt 00:00:24]} Qe1 {[%clk 00:47:27]}
{[%emt 00:00:19]} 36. Rc2 {[%clk 00:24:26]} {[%emt 00:00:34]} Qe5+ {[%clk
00:47:23]} {[%emt 00:00:18]} 37. Kg1 {[%clk 00:24:14]} {[%emt 00:00:28]} Rd1#
{[%clk 00:47:14]} {[%emt 00:00:09]} 0-1